000 00326nam a2200145Ia 4500
008 230711s9999||||xx |||||||||||||| ||und||
041 _aENG
082 _a621
_bSH-N
100 _aShastri
245 0 _aNoise pollution
250 _a1st
260 _c1990
_aNew Delhi
_bCommon Wealth
650 _aCivil Engineering
942 _cBK
999 _c602
_d602